Building Jerusalem : (Record no. 15828)
[ view plain ]
| 000 -LEADER | |
|---|---|
| fixed length control field | 00570cam a2200193 a 4500 |
| 020 ## - INTERNATIONAL STANDARD BOOK NUMBER | |
| ISBN | 9057024349 |
| 040 ## - CATALOGING SOURCE | |
| Transcribing agency | VA@ |
| 082 00 - DEWEY DECIMAL CLASSIFICATION NUMBER | |
| Classification number | 700 HAR 1999 A088 Or. |
| 100 1# - MAIN ENTRY--AUTHOR NAME | |
| Personal name | Pick, John, |
| 245 10 - TITLE STATEMENT | |
| Title | Building Jerusalem : |
| Remainder of title | art, industry, and the British millennium / |
| 260 ## - PUBLICATION, DISTRIBUTION, ETC. (IMPRINT) | |
| Place of publication | Australia : |
| Name of publisher | Harwood Academic, |
| Year of publication | c1999. |
| 300 ## - PHYSICAL DESCRIPTION | |
| Number of Pages | xii, 312 p. : |
| Other physical details | ill. ; |
| Dimensions | 24 cm. |
| 650 #0 - SUBJECT ADDED ENTRY--TOPICAL TERM | |
| Topical Term | Art patronage |
| 650 #0 - SUBJECT ADDED ENTRY--TOPICAL TERM | |
| Topical Term | Arts |
| 650 #0 - SUBJECT ADDED ENTRY--TOPICAL TERM | |
| Topical Term | Art and state |
| 700 1# - ADDED ENTRY--PERSONAL NAME | |
| Personal name | Anderton, Malcolm Hey. |
| 856 42 - ELECTRONIC LOCATION AND ACCESS | |
| Uniform Resource Identifier | http://www.loc.gov/catdir/enhancements/fy0653/2002421072-d.html |
| 942 ## - ADDED ENTRY ELEMENTS (KOHA) | |
| Koha item type | សៀវភៅភាសាអង់គ្លេស |
| 952 ## - LOCATION AND ITEM INFORMATION (KOHA) | |
| Withdrawn status [LOCAL, KOHA] | 0 |
| Permanent Location | Date acquired | Koha item type | Lost status | Shelving location | Barcode | Current Location | Full call number |
|---|---|---|---|---|---|---|---|
| Library Block A | 2017-12-13 | សៀវភៅភាសាអង់គ្លេស | A088 | A12766 | Library Block A | 700 HAR 1999 A088 Or. |